| 000 | 00499nam a22001817a 4500 | ||
|---|---|---|---|
| 999 |
_c4206 _d4206 |
||
| 003 | GBCCL | ||
| 005 | 20241126110513.0 | ||
| 008 | 180116b xxu||||| |||| 00| 0 eng d | ||
| 020 | _a0805451455 | ||
| 040 | _cgbc | ||
| 082 |
_a242 _bMID |
||
| 100 |
_aMiddleton, R.L. _97992 |
||
| 245 |
_aThe Gift of Love: _bWhat it means, and how to give it / _cR.L. Middleton |
||
| 260 |
_bBroadman press, _aNashville: _c1976 |
||
| 300 |
_a124 p.; _c20 cm. |
||
| 650 |
_aLove _vMeditation _99911 |
||
| 942 |
_2ddc _cBK _01 |
||